000 00497nam a2200205Ia 4500
008 240510s9999 xx 000 0 und d
020 _a0008187105186
041 _aEng
082 _a005.118
082 _bG86
100 _aGUREWIC,N. ,:GUREWICH ,O.
245 0 _aTEACH YOURSELF VISUAL BASIC 5 IN 21 DAYS
250 _a4th ed.
260 _bNEW DELHI : TECHMEDIA
260 _c1997
300 _a798 p.
650 _aVISUAL BASIC : VISUAL PROGRAMMING
942 _2ddc
942 _cLBK
999 _c26883
_d26883
945 _a1
_bMadushi Gamage
_c1
_dMadushi Gamage